Indian Administrative Service : (Record no. 51339)

MARC details
000 -LEADER
fixed length control field 01772nam a22003014a 4500
005 - DATE AND TIME OF LATEST TRANSACTION
control field 20110331141652.0
010 ## - LCCN (DPL NO)
LC control number B-426456-460
020 ## - INTERNATIONAL STANDARD BOOK NUMBER
International Standard Book Number 9788129114563
Terms of availability 295.00
035 ## - SYSTEM CONTROL NUMBER
System control number B-426456-460
037 ## - SOURCE OF ACQUISITION
Stock number Rupa
037 ## - SOURCE OF ACQUISITION
Stock number RBC/Ven
082 04 - DEWEY DECIMAL CLASSIFICATION NUMBER
Classification number 352.630954
100 1# - MAIN ENTRY--PERSONAL NAME
Personal name Misra, B.K.
245 10 - TITLE STATEMENT
Title Indian Administrative Service :
Remainder of title the case for reform /
Statement of responsibility, etc by B.K. Misra
260 ## - PUBLICATION, DISTRIBUTION, ETC. (IMPRINT)
Place of publication, distribution, etc New Delhi
Name of publisher, distributor, etc Rupa
Date of publication, distribution, etc 2009
270 ## - ADDRESS
Address 7/16, Ansari Road, Daryaganj
City New Delhi
Postal code 110002
300 ## - PHYSICAL DESCRIPTION
Extent viii, 133 p.
Dimensions 22cm(Hb)
500 ## - GENERAL NOTE
General note Includes index
610 20 - SUBJECT ADDED ENTRY--CORPORATE NAME
Corporate name or jurisdiction name as entry element Indian Administrative Service.
650 #0 - SUBJECT ADDED ENTRY--TOPICAL TERM
Topical term or geographic name as entry element Civil service reform
Geographic subdivision India
942 ## - ADDED ENTRY ELEMENTS (KOHA)
Source of classification or shelving scheme Dewey Decimal Classification
Item type English Books
Classification part 352.630954
Call number suffix MIS
Holdings
Withdrawn status Lost status Not for loan Collection code Home library Current library Date acquired Source of acquisition Cost, normal purchase price Full call number Barcode Copy number Cost, replacement price Koha item type
      Non-fiction Central Library Central Library 14/07/2011 RBC/22387/14.3.11/76/4.3.11/28.3.11 295.00 352.630954 MIS B-426456 1 295.00 English Books
      Non-fiction Karol Bagh Karol Bagh 14/07/2011 RBC/22387/14.3.11/76/4.3.11/28.3.11 295.00 352.630954 MIS B-426459 1 295.00 English Books
      Non-fiction Patel Nagar Patel Nagar 14/07/2011 RBC/22387/14.3.11/76/4.3.11/28.3.11 295.00 352.630954 MIS B-426457 1 295.00 English Books
      Non-fiction Sarojini Nagar Sarojini Nagar 14/07/2011 RBC/22387/14.3.11/76/4.3.11/28.3.11 295.00 352.630954 MIS B-426458 1 295.00 English Books
  Lost and Paid For   Non-fiction Shahdara Branch Shahdara Branch 14/07/2011 RBC/22387/14.3.11/76/4.3.11/28.3.11 295.00 352.630954 MIS B-426460 1 295.00 English Books

© Delhi Public Library
Hit Counter
free hit counter